UM Logo

The new constitution annotated and commented / (Record no. 20294)

MARC details
000 -LEADER
fixed length control field 00513nam a22001457a 4500
008 - FIXED-LENGTH DATA ELEMENTS--GENERAL INFORMATION
fixed length control field 240515b ||||| |||| 00| 0 eng d
020 ## - INTERNATIONAL STANDARD BOOK NUMBER
International Standard Book Number 9711601192
082 ## - DEWEY DECIMAL CLASSIFICATION NUMBER
Classification number DFil 342.02
Item number P28 1996
100 ## - MAIN ENTRY--PERSONAL NAME
Personal name Paulino, Benjamin P.
9 (RLIN) 57118
245 ## - TITLE STATEMENT
Title The new constitution annotated and commented /
Statement of responsibility, etc. Benjamin P. Paulino.
260 ## - PUBLICATION, DISTRIBUTION, ETC. (IMPRINT)
Place of publication, distribution, etc. Quezon City :
Name of publisher, distributor, etc. Central Professional Books, Inc.,
Date of publication, distribution, etc. ©1996.
300 ## - PHYSICAL DESCRIPTION
Extent v, 459 pages :
Other physical details illustrations ;
Dimensions 22 cm.
650 ## - SUBJECT ADDED ENTRY--TOPICAL TERM
Topical term or geographic name as entry element Constitutions
Chronological subdivision Philippines.
9 (RLIN) 57235
942 ## - ADDED ENTRY ELEMENTS (KOHA)
Source of classification or shelving scheme Dewey Decimal Classification
Koha item type Filipiniana
Holdings
Withdrawn status Lost status Source of classification or shelving scheme Damaged status Not for loan Collection code Home library Current library Date acquired Source of acquisition Total Checkouts Full call number Barcode Date last seen Copy number Price effective from Koha item type Shelving location Date last checked out
    Dewey Decimal Classification     Filipiniana UM Digos College - LIC UM Digos College - LIC 05/15/2024 Purchased   DFil 342.02 P28 1996 14294 05/15/2025 19 05/15/2024 Filipiniana    
    Dewey Decimal Classification     Filipiniana UM Digos College - LIC UM Digos College - LIC 05/15/2024 Purchased   DFil 342.02 P28 1996 14293 05/15/2025 18 05/15/2024 Filipiniana    
    Dewey Decimal Classification     Filipiniana UM Digos College - LIC UM Digos College - LIC 05/15/2024 Purchased   DFil 342.02 P28 1996 14295 05/15/2025 20 05/15/2024 Filipiniana    
    Dewey Decimal Classification     Filipiniana UM Digos College - LIC UM Digos College - LIC 05/15/2024 Purchased 1 DFil 342.02 P28 1996 14297 12/16/2025 22 05/15/2024 Filipiniana Book Cart 12/11/2025